000 00450nam a2200181Ia 4500
001 7995
005 20260306160536.0
008 260306t2020||||xx |||||||||||||| ||spa||
041 _aESP
082 _a370
_bL587
100 _aLuri Medrano, Gregorio,
_eAUT
245 0 _aLa escuela contra el mundo :
_bel optimismo es posible
260 _c2020
300 _a313 páginas :
_c23 cm.
650 _aGEN
654 _aCED
942 _cLIB
_dJUS
_fJUS
_2ddc
_n
999 _c7995
_d7995